00663nam a2200169 a 450000100100000000500170001000800410002704000250006810000320009324500780012526000530020330000210025650000210027750400730029895201050037199900170047600003658520200930075819.0120120s1965 mx 000 0 spa d aDO-SdBNPbspacBNPHU1 aBrown, Esther Lucile96285510aNuevas dimensiones en el cuidado de los pacientes /cEsther Lucile Brown. aMéxico :bLa Prensa Médican Mexicana,c1965. a463 p. ;c26 cm. aIncluye índice aIncluye referencias bibliográficas y notas al pie de las páginas 001050718MOaGRbGRcCTd2012-01-24iLF1l0o p36585-10r2020-06-25w2020-06-25y1ZNo se presta c36076d36076